000 00564nam a22002057a 4500
003 KOHA_MİRAKIL
005 20260416070230.0
008 260415b tu ||||| |||| 00| 0 tur d
020 _a9789759038267
040 _aTR-AnABB
_btur
_cTR-AnABB
041 _atur
082 _a813.42
_bAZI 2005
100 0 _aAziz Nesin
245 1 0 _aİnsanlar uyanıyor /
_cAziz Nesin
260 _aİstanbul :
_bNesin Yayınevi,
_c2005
300 _a240 sayfa ;
_c20 cm
650 0 4 _aTürk edebiyatı, roman
900 _bCan ÇELIK
942 _2ddc
_cBK
999 _c10266
_d10266